| 000 | 01173nam a22003497a 4500 | ||
|---|---|---|---|
| 003 | CHAP | ||
| 005 | 20220817043022.0 | ||
| 008 | 971010s1988 r 00010 d | ||
| 010 | _a62941 | ||
| 011 | _a63913 | ||
| 035 | _a68647 | ||
| 040 | _cCHAP | ||
| 090 | _aTesis | ||
| 100 | 0 | 0 | _aAranda Osorio, Gilberto. |
| 245 | 1 | _aEstudio de la ganadería bovina productora de leche en el municipio de Huatusco, Veracruz | |
| 260 |
_aChapingo, Méx. : _bEl autor, _c1988 |
||
| 300 | _a211 p. | ||
| 502 | _aTesis (Ing. Agr. Esp. en Zootecnia) -- UACH. Departamento de Zootecnia | ||
| 590 |
_aALEPH _b10 _c20130110 _lUCH01 _h1346 |
||
| 590 |
_aBATCH-UPD _b10 _c20130110 _lUCH01 _h1659 |
||
| 590 |
_aBATCH-UPD _b10 _c20130410 _lUCH01 _h1047 |
||
| 590 |
_aBATCH-UPD _b10 _c20130914 _lUCH01 _h1500 |
||
| 590 |
_aCONVERSION _b10 _c20130109 _lUCH01 _h1334 |
||
| 650 | 1 | 4 |
_aGanadería _zVeracruz. _944870 |
| 650 | 1 | 4 |
_aGanado lechero _xTrópicos. _945303 |
| 650 | 1 | 4 |
_aGanado lechero _xVeracruz. _945306 |
| 650 | 1 | 4 |
_aLeche _xProducción. _965400 |
| 901 | _aBK | ||
| 942 | _cFOLL | ||
| 949 |
_bBC _cTES _d-62330 _eTS1 _h20651 _i68647 _si |
||
| 949 |
_bBC _cTES _d-62331 _eTS2 _fc.2 _h20651 _i68647 _si |
||
| 999 |
_c62941 _d62941 |
||